<?xml version="1.0" encoding="UTF-8"?>
<marc:record xmlns:marc="http://www.loc.gov/MARC21/slim" type="Bibliographic">
   <marc:leader>00000pam a2200000 c 4500</marc:leader>
   <marc:controlfield tag="001">970397569</marc:controlfield>
   <marc:controlfield tag="003">DE-101</marc:controlfield>
   <marc:controlfield tag="005">20171203155517.0</marc:controlfield>
   <marc:controlfield tag="007">tu</marc:controlfield>
   <marc:controlfield tag="008">040303s2004    sz ||||| |||| 00||||ger  </marc:controlfield>
   <marc:datafield ind1=" " ind2=" " tag="015">
      <marc:subfield code="a">04,A21,1420</marc:subfield>
      <marc:subfield code="z">04,N13,1160</marc:subfield>
      <marc:subfield code="2">dnb</marc:subfield>
   </marc:datafield>
   <marc:datafield ind1="7" ind2=" " tag="016">
      <marc:subfield code="2">DE-101</marc:subfield>
      <marc:subfield code="a">970397569</marc:subfield>
   </marc:datafield>
   <marc:datafield ind1=" " ind2=" " tag="020">
      <marc:subfield code="a">9783724303909</marc:subfield>
      <marc:subfield code="c">Pp. : EUR 49.90 (DE), EUR 51.30 (AT), sfr 84.00</marc:subfield>
      <marc:subfield code="9">978-3-7243-0390-9</marc:subfield>
   </marc:datafield>
   <marc:datafield ind1=" " ind2=" " tag="020">
      <marc:subfield code="a">3724303904</marc:subfield>
      <marc:subfield code="c">Pp. : EUR 49.90 (DE), EUR 51.30 (AT), sfr 84.00</marc:subfield>
      <marc:subfield code="9">3-7243-0390-4</marc:subfield>
   </marc:datafield>
   <marc:datafield ind1="3" ind2=" " tag="024">
      <marc:subfield code="a">9783724303909</marc:subfield>
   </marc:datafield>
   <marc:datafield ind1=" " ind2=" " tag="035">
      <marc:subfield code="a">(DE-599)DNB970397569</marc:subfield>
   </marc:datafield>
   <marc:datafield ind1=" " ind2=" " tag="035">
      <marc:subfield code="a">(OCoLC)249808307</marc:subfield>
   </marc:datafield>
   <marc:datafield ind1=" " ind2=" " tag="040">
      <marc:subfield code="a">1145</marc:subfield>
      <marc:subfield code="b">ger</marc:subfield>
      <marc:subfield code="c">DE-101</marc:subfield>
      <marc:subfield code="d">9999</marc:subfield>
   </marc:datafield>
   <marc:datafield ind1=" " ind2=" " tag="041">
      <marc:subfield code="a">ger</marc:subfield>
   </marc:datafield>
   <marc:datafield ind1=" " ind2=" " tag="044">
      <marc:subfield code="c">XA-CH</marc:subfield>
   </marc:datafield>
   <marc:datafield ind1="7" ind2="4" tag="082">
      <marc:subfield code="a">910</marc:subfield>
      <marc:subfield code="q">DE-101</marc:subfield>
      <marc:subfield code="2">22sdnb</marc:subfield>
   </marc:datafield>
   <marc:datafield ind1=" " ind2=" " tag="090">
      <marc:subfield code="a">b</marc:subfield>
   </marc:datafield>
   <marc:datafield ind1="0" ind2="0" tag="245">
      <marc:subfield code="a">Burma</marc:subfield>
      <marc:subfield code="b">Reich der goldenen Pagoden</marc:subfield>
      <marc:subfield code="c">Charles Babault ; Hanne Egghardt ; Erwin Friesenbichler</marc:subfield>
   </marc:datafield>
   <marc:datafield ind1=" " ind2="1" tag="264">
      <marc:subfield code="a">Luzern/Switzerland</marc:subfield>
      <marc:subfield code="b">Reich</marc:subfield>
      <marc:subfield code="c">2004</marc:subfield>
   </marc:datafield>
   <marc:datafield ind1=" " ind2=" " tag="300">
      <marc:subfield code="a">204 S.</marc:subfield>
      <marc:subfield code="b">zahlr. Ill., Kt.</marc:subfield>
      <marc:subfield code="c">32 cm, 2300 gr.</marc:subfield>
   </marc:datafield>
   <marc:datafield ind1=" " ind2=" " tag="336">
      <marc:subfield code="a">Text</marc:subfield>
      <marc:subfield code="b">txt</marc:subfield>
      <marc:subfield code="2">rdacontent</marc:subfield>
   </marc:datafield>
   <marc:datafield ind1=" " ind2=" " tag="336">
      <marc:subfield code="a">unbewegtes Bild</marc:subfield>
      <marc:subfield code="b">sti</marc:subfield>
      <marc:subfield code="2">rdacontent</marc:subfield>
   </marc:datafield>
   <marc:datafield ind1=" " ind2=" " tag="337">
      <marc:subfield code="a">ohne Hilfsmittel zu benutzen</marc:subfield>
      <marc:subfield code="b">n</marc:subfield>
      <marc:subfield code="2">rdamedia</marc:subfield>
   </marc:datafield>
   <marc:datafield ind1=" " ind2=" " tag="338">
      <marc:subfield code="a">Band</marc:subfield>
      <marc:subfield code="b">nc</marc:subfield>
      <marc:subfield code="2">rdacarrier</marc:subfield>
   </marc:datafield>
   <marc:datafield ind1="0" ind2=" " tag="490">
      <marc:subfield code="a">Terra magica : Spektrum</marc:subfield>
   </marc:datafield>
   <marc:datafield ind1=" " ind2=" " tag="520">
      <marc:subfield code="a">Thailand hat wunderbare Tempel, China hat unvergleichliche Tempel, Tibet hat beeindruckende Klöster, Japan hat prunkvolle Schreine - doch jeder frühere und heutige Asienfahrer wusste und weiß es besser: Burma ist dank seinen unzähligen märchenhaft prächtigen Pagoden und Stupas architektonisch das schönste Land nicht nur Ostasiens, sondern ganz Asiens. Burma hat dazu noch die bezauberndsten Landschaften in einer Vielfalt, die seinesgleichen sucht: hier eine weite Ebene, da sanfte, blaue Hügeln, über allem feine Bahnen von Dunst, die das Licht weich machen und alles wie in einen zarten Schleier einhüllen. Dort das Hochland im Norden mit hohen, zerklüfteten Bergen und tiefen Tälern. Und ganz im hohen Norden ragen, von ewigem Eis bedeckt, als Ausläufer des Himalaya die höchsten Berge Südostasiens in den Himmel. In den wild zerklüfteten Tälern der Kachin-Bergkette haben sich dichte, subtropische Urwälder erhalten. In den Teak- und Bambuswäldern - leben noch Tiger, Himalaya-Bären und Leoparden. Der Südosten des Hochlandes ist ein Bergland, das oft an die Alpen erinnert. Das tropische Niederburma im Süden mit dem Irrawaddy-Delta und dem langen, flachen Küstenstreifen an der Andamanen-See war lange Zeit das größte Reisanbaugebiet der Welt.</marc:subfield>
   </marc:datafield>
   <marc:datafield ind1=" " ind2="7" tag="651">
      <marc:subfield code="0">(DE-588)4069500-1</marc:subfield>
      <marc:subfield code="0">http://d-nb.info/gnd/4069500-1</marc:subfield>
      <marc:subfield code="0">(DE-101)04069500X</marc:subfield>
      <marc:subfield code="a">Birma</marc:subfield>
      <marc:subfield code="2">gnd</marc:subfield>
   </marc:datafield>
   <marc:datafield ind1=" " ind2=" " tag="653">
      <marc:subfield code="a">(VLB-FS)Burma</marc:subfield>
   </marc:datafield>
   <marc:datafield ind1=" " ind2=" " tag="653">
      <marc:subfield code="a">(VLB-FS)Myanmar</marc:subfield>
   </marc:datafield>
   <marc:datafield ind1=" " ind2=" " tag="653">
      <marc:subfield code="a">(VLB-FS)Süostasien</marc:subfield>
   </marc:datafield>
   <marc:datafield ind1=" " ind2=" " tag="653">
      <marc:subfield code="a">(VLB-FS)Kultur</marc:subfield>
   </marc:datafield>
   <marc:datafield ind1=" " ind2=" " tag="653">
      <marc:subfield code="a">(VLB-FS)Geschichte</marc:subfield>
   </marc:datafield>
   <marc:datafield ind1=" " ind2=" " tag="653">
      <marc:subfield code="a">(VLB-FS)Geografie</marc:subfield>
   </marc:datafield>
   <marc:datafield ind1=" " ind2=" " tag="653">
      <marc:subfield code="a">(VLB-PF)BB: Gebunden</marc:subfield>
   </marc:datafield>
   <marc:datafield ind1=" " ind2=" " tag="653">
      <marc:subfield code="a">(VLB-WI)3: Loseblatt, Zeitschrift</marc:subfield>
   </marc:datafield>
   <marc:datafield ind1=" " ind2=" " tag="653">
      <marc:subfield code="a">(VLB-WG)355: Bildbände / Asien</marc:subfield>
   </marc:datafield>
   <marc:datafield ind1=" " ind2="7" tag="655">
      <marc:subfield code="0">(DE-588)4145395-5</marc:subfield>
      <marc:subfield code="0">http://d-nb.info/gnd/4145395-5</marc:subfield>
      <marc:subfield code="0">(DE-101)041453956</marc:subfield>
      <marc:subfield code="a">Bildband</marc:subfield>
      <marc:subfield code="2">gnd-content</marc:subfield>
   </marc:datafield>
   <marc:datafield ind1=" " ind2="7" tag="655">
      <marc:subfield code="a">Bildband</marc:subfield>
      <marc:subfield code="2">gnd</marc:subfield>
   </marc:datafield>
   <marc:datafield ind1="0" ind2="0" tag="689">
      <marc:subfield code="0">(DE-588)4069500-1</marc:subfield>
      <marc:subfield code="0">http://d-nb.info/gnd/4069500-1</marc:subfield>
      <marc:subfield code="0">(DE-101)04069500X</marc:subfield>
      <marc:subfield code="D">g</marc:subfield>
      <marc:subfield code="a">Birma</marc:subfield>
   </marc:datafield>
   <marc:datafield ind1="0" ind2="1" tag="689">
      <marc:subfield code="A">f</marc:subfield>
      <marc:subfield code="a">Bildband</marc:subfield>
   </marc:datafield>
   <marc:datafield ind1="0" ind2=" " tag="689">
      <marc:subfield code="5">DE-101</marc:subfield>
      <marc:subfield code="5">DE-101</marc:subfield>
   </marc:datafield>
   <marc:datafield ind1="1" ind2=" " tag="700">
      <marc:subfield code="0">(DE-588)128932961</marc:subfield>
      <marc:subfield code="0">http://d-nb.info/gnd/128932961</marc:subfield>
      <marc:subfield code="0">(DE-101)128932961</marc:subfield>
      <marc:subfield code="a">Babault, Charles</marc:subfield>
      <marc:subfield code="e">Mitwirkender</marc:subfield>
      <marc:subfield code="4">ctb</marc:subfield>
   </marc:datafield>
   <marc:datafield ind1="1" ind2=" " tag="700">
      <marc:subfield code="0">(DE-588)122085752</marc:subfield>
      <marc:subfield code="0">http://d-nb.info/gnd/122085752</marc:subfield>
      <marc:subfield code="0">(DE-101)122085752</marc:subfield>
      <marc:subfield code="a">Egghardt, Hanne</marc:subfield>
      <marc:subfield code="d">1948-</marc:subfield>
      <marc:subfield code="e">Mitwirkender</marc:subfield>
      <marc:subfield code="4">ctb</marc:subfield>
   </marc:datafield>
   <marc:datafield ind1=" " ind2=" " tag="850">
      <marc:subfield code="a">DE-101a</marc:subfield>
   </marc:datafield>
   <marc:datafield ind1="r" ind2=" " tag="925">
      <marc:subfield code="a">ra</marc:subfield>
   </marc:datafield>
</marc:record>
